000 00551 a2200181 4500
999 _c5999
_d5999
020 _a8170140684
050 _aQC 543 SEN 1996
100 _aSehgal, D.L.
_eauthor
245 _aElectricity & Magnesium/
_cD.L. Sehgal, K.L. Chopra and N.K. Sehgal
250 _a5th ed.
_bThoroughly revised edition
264 _aNew Delhi:
_bSultan Chand & Sons,
_c1996
300 _a946p.:
_bill.
500 _aIncludes index
650 _aElectricity
_xMagnetism
700 _aChopra,K.L
_eauthor
700 _aSehgal,N.K
_eauthor
942 _2lcc
_cBK
_e5th
_h543
_iSEN
_kQC